Kālāntarera pathika Ramyām̐ Ralām̐. (Record no. 73643)

MARC details
000 -LEADER
fixed length control field 00604cam a22002291 4500
001 - CONTROL NUMBER
control field sa 67003130
003 - CONTROL NUMBER IDENTIFIER
control field DLC
005 - DATE AND TIME OF LATEST TRANSACTION
control field 20260227112335.0
008 - FIXED-LENGTH DATA ELEMENTS--GENERAL INFORMATION
fixed length control field 890417s1966 ii ac b 000 0 beno
010 ## - LIBRARY OF CONGRESS CONTROL NUMBER
LC control number sa 67003130
035 ## - SYSTEM CONTROL NUMBER
System control number (OCoLC)19561664
040 ## - CATALOGING SOURCE
Original cataloging agency DLC
Transcribing agency WaU
Modifying agency DLC
042 ## - AUTHENTICATION CODE
Authentication code premarc
050 00 - LIBRARY OF CONGRESS CALL NUMBER
Classification number PQ2635.O5
Item number Z82
100 2# - MAIN ENTRY--PERSONAL NAME
Personal name Sen Gupta, Promode.
245 10 - TITLE STATEMENT
Title Kālāntarera pathika Ramyām̐ Ralām̐.
260 ## - PUBLICATION, DISTRIBUTION, ETC.
Date of publication, distribution, etc. [1966]
300 ## - PHYSICAL DESCRIPTION
Extent 255 p.
Other physical details illus., ports.
Dimensions 19 cm.
500 ## - GENERAL NOTE
General note In Bengali.
504 ## - BIBLIOGRAPHY, ETC. NOTE
Bibliography, etc. note Bibliographical footnotes.
600 10 - SUBJECT ADDED ENTRY--PERSONAL NAME
Personal name Rolland, Romain,
Dates associated with a name 1866-1944.

No items available.

Powered by Koha